000
00275nam a2200121Ia 4500
008
190216s9999||||xx |||||||||||||| ||und||
100
_a
Mahalingam M
245
0
_a
Some Thoughts On Planning
260
_b
Srisakthi
_c
1973
300
_a
149p
650
_a
Economics
942
_c
BK
999
_c
9375
_d
9375